Bankový informačný systém

Vznik nových bankových subjektov vyvoláva dopyt po efektívnych systémoch automatizujúcich ich činnosť a zabezpečujúcich ich informačné potreby. Tieto ciele a úlohy môže plniť bankový informačný systém (požiadavky, funkcionalita, štruktúra). Použitie vhodného informačného prostredia - databázového, p...

Ausführliche Beschreibung

Gespeichert in:
Bibliographische Detailangaben
1. Verfasser: Kátrik, L.
Format: Buchkapitel
Sprache:Slowakisch
Schlagworte:
Tags: Tag hinzufügen
Keine Tags, Fügen Sie das erste Tag hinzu!

MARC

LEADER 00000naa a2200000 4500
001 r021055
005 20221205114626.4
041 0 |a slo 
044 |a SK 
245 1 0 |a Bankový informačný systém  |c L. Kátrik 
520 |a Vznik nových bankových subjektov vyvoláva dopyt po efektívnych systémoch automatizujúcich ich činnosť a zabezpečujúcich ich informačné potreby. Tieto ciele a úlohy môže plniť bankový informačný systém (požiadavky, funkcionalita, štruktúra). Použitie vhodného informačného prostredia - databázového, programového a komunikačného (informačné technológie). 
610 2 0 |a bankovníctvo 
610 2 0 |a banky 
610 2 0 |a systémy informačné 
610 2 0 |a technológie informačné 
100 1 |a Kátrik, L.